Prontuario de la Jurisprudencia Civil española (Record no. 122938)

MARC details
000 -LEADER
campo de control de longitud fija 00617nam a2200169 4500
001 - NÚMERO DE CONTROL
campo de control 122938
003 - IDENTIFICADOR DE NÚMERO DE CONTROL
campo de control ES-MaACL
005 - FECHA Y HORA DE LA ÚLTIMA TRANSACCIÓN
campo de control 20230906192054.0
007 - CAMPO FIJO DE DESCRIPCIÓN FÍSICA--INFORMACIÓN GENERAL
campo de control de longitud fija t|
008 - DATOS DE LONGITUD FIJA--INFORMACIÓN GENERAL
campo de control de longitud fija 070214s1931 sp r ||||0| spa d
245 00 - MENCIÓN DEL TÍTULO
Título Prontuario de la Jurisprudencia Civil española
Resto del título : ordenación de las sentencias del Tribunal Supremo desde 1882 a 1931 con sujeción al articulado de las leyes /
Mención de responsabilidad, etc. por Antonio Laguna Serrano.
250 ## - MENCION DE EDICION
Mención de edición 1ª ed.
260 ## - PUBLICACIÓN, DISTRIBUCIÓN, ETC.
Lugar de publicación, distribución, etc. Madrid :
Nombre del editor, distribuidor, etc. [s. n.],
Fecha de publicación, distribución, etc. 1931 (
Fabricante Tip. Yagües)
300 ## - DESCRIPCIÓN FÍSICA
Extensión XI, 1830 p ;
Dimensiones 18 cm.
700 1# - ENTRADA AGREGADA--NOMBRE PERSONAL
Nombre de persona Laguna Serrano, Antonio.
9 (RLIN) 69629
852 ## - LOCALIZACIÓN
Ubicación ES-MaACL
Número de control de estantería C-3996
Sublocalización o colección R.23672
Holdings
Estatus retirado Estado de pérdida Estado de daño No para préstamo Biblioteca de origen Biblioteca actual Ubicación en estantería Fecha de adquisición Fuente de adquisición Total de préstamos Signatura topográfica completa Código de barras Visto por última vez Precio de reemplazo Tipo de ítem Koha
        Biblioteca del Ateneo de Madrid Biblioteca del Ateneo de Madrid Sala Palomar 17/01/2008     C-3996 1128106 23/02/2023 23/02/2023 Libro impreso